Classement de ligue 2 2006-2007 - Statistiques

Statistiques générales
  • Ce quiz a été pris 70 fois
  • Le résultat moyen est 11 sur 20
Statistiques - réponses
CLUB Point % Correct
17 Brest 39
83%
1 Metz 76
73%
3 Caen 65
71%
2 Strasbourg 67
71%
6 Le havre 55
70%
12 Guingamp 43
68%
11 Reims 46
68%
18 Montpellier 38
65%
10 Ac ajaccio 47
62%
9 Bastia 50
62%
8 Dijon 51
62%
5 Grenoble 56
60%
4 Amiens 63
57%
19 Istres 35
52%
20 Tours fc 23
52%
16 Niort 40
44%
7 Chateauroux 51
40%
15 Créteil 40
30%
14 Gueugnon 42
24%
13 Libourne 43
14%
Aucun quiz correspondant
Distribution des résultats
% des personnes avec chaque résultat
Percentile par nombre de réponses
Votre historique - résultats
Vous n’avez pas pris ce quiz